02597nam a2200325 a 450000100100000000500170001000800410002702000180006804000250008608200220011110000390013324501060017226000850027830000210036350000670038450400340045150508470048559000260133265000650135865000600142365000390148370000430152291000380156595201350160395201350173895201350187395201200200895201260212899900170225400001490320200929163924.0100127s2007 dr 001 0 spa d a9789945130393 aDO-SdBNPbspacBNPHU a302.230882bV145a1 aValdés Betancourt, Teresa93374610aUn asunto de hombres y de mujeres /cTeresa Valdés Betancourt ; edición Alina García Vázquez. aSanto Domingo :bCasa de Cultura Latinoamericana y Caribeña,c2007.fMediabyte a103 p. ;c22 cm. aIncluye datos biográficos de la autora en la contracubierta. aBibliografía : p. 101- 102.0 gA manera de presentación:gPara quienes realizan, protagonizan y disfrutan de los audiovisuales --tVer, escuchar e imaginar con lenguaje y perspectiva de género --tHablar de género no es solo hablar de mujeres --tDesde, antes de nuestra era hasta el siglo XXI --tLas mujeres y su reflejo en la comunicación --tPara apresar y reproducir ideas --tCon cultura de la masculinidad --tNuevas formas digitales con viejos contenidos --tNo es sólo reflejo de la realidad, la palabra también condiciona --tVíctimas del lenguaje sexista --tInterrogantes que todos y todas podemos respondernos --tPropuesta de nuevos puntos de vista con visión de género --tCimarronas: mitos, silencios y realidades --tNi víctima, ni victimaria --tA manera de epílogo: Fidel, en la lucha por la equidad social y de género --gAnexos. aInventariado, 2018/BT 4aComunicaciónxDiferencias sexualesxInvestigaciones933747 4aMujeres en los medios de comunicación de masas911705 4aMujeres-condiciones sociales925261 aGarcía Vázquez, Alina,eed.933748 aValidado. Control de calidad. EMS 001054708DSaGRbGRcHDd2010-01-27iLF1l0o302.230882 V145ap14903-30r2020-06-25te. 3w2020-06-25yLFDSZPréstamo en sala 001054708DSaGRbGRcHDd2010-01-27iLF1l0o302.230882 V145ap14903-40r2020-06-25te. 4w2020-06-25yLFDSZPréstamo en sala 001054708DSaGRbGRcHDd2010-01-27iLF1l0o302.230882 V145ap14903-50r2020-06-25te. 5w2020-06-25yLFDSZPréstamo en sala 0010718PDaPDbPDcHDd2010-01-27iLF1l0o302.230882 V145ap14903-10r2020-06-25w2020-06-25yLFPDZNo se presta 0010718PDaPDbPDcHDd2010-01-27iLF1l0o302.230882 V145ap14903-20r2020-06-25te. 2w2020-06-25yLFPDZNo se presta c14483d14483